LEADER 00983nam a2200241 i 4500 001 991001717469707536 005 20020503152832.0 008 931008s1989 it ||| | ita 035 $ab10262945-39ule_inst 035 $aEXGIL90365$9ExL 040 $aBiblioteca Interfacoltà$bita 100 1 $aLibera, Adalberto$023747 245 10$aAdalberto Libera :$bopera completa 260 $aMilano :$bElecta,$c[1989] 300 $a254 p. :$bill. ;$c29 cm. 907 $a.b10262945$b02-04-14$c27-06-02 912 $a991001717469707536 945 $aLE019 A 833$g1$i2019000046183$lle019$o-$pE0.00$q-$rl$s- $t0$u0$v0$w0$x0$y.i14400236$z19-03-07 945 $aLE002 Ar. III A 9$g1$i2002000979339$lle002$o-$pE0.00$q-$rl$s- $t0$u0$v0$w0$x0$y.i10314003$z27-06-02 945 $aLE019 A 426$g1$i2019000087087$lle019$o-$pE0.00$q-$rl$s- $t0$u0$v0$w0$x0$y.i15433997$z13-07-12 996 $aAdalberto Libera$974151 997 $aUNISALENTO 998 $ale019$ale002$b01-01-93$cm$da $e-$fita$git $h0$i2